Civil society : a foundation for sustainable economic development.
I tiakina i:
| Ētahi atu kaituhi: | |
|---|---|
| Hōputu: | Pukapuka |
| Reo: | Ingarihi |
| I whakaputaina: |
Washington, D.C. :
USAID,
1998.
|
| Ngā marau: | |
| Ngā Tūtohu: |
Kāore He Tūtohu, Me noho koe te mea tuatahi ki te tūtohu i tēnei pūkete!
|
MARC
| LEADER | 00000cam a22000002a 4500 | ||
|---|---|---|---|
| 001 | 0000004312 | ||
| 003 | DAYSTAR | ||
| 005 | 20171002014309.0 | ||
| 008 | 030703s1998 xx 001 0 eng d | ||
| 040 | |a Daystar | ||
| 050 | 0 | 0 | |a HD75 |b .C58 |
| 245 | 0 | 0 | |a Civil society : |b a foundation for sustainable economic development. |
| 260 | |a Washington, D.C. : |b USAID, |c 1998. | ||
| 300 | |a 136 p. | ||
| 650 | 0 | |a Economic development. | |
| 700 | 1 | |a Rose, Melissa N. | |
| 908 | |a 060412 | ||
| 942 | |c G | ||
| 952 | |0 0 |1 0 |4 0 |6 HD_75_000000000000000_C58 |7 0 |9 321 |a DUA |b DUA |c OS |d 2017-09-28 |l 0 |o OS HD75.C58 |p BK040573 |r 2017-09-28 00:00:00 |w 2017-09-28 |x 59778 |y G | ||
| 995 | |a Daystar | ||
| 999 | |c 230 |d 230 | ||